| 000 | 01201nam a22003257a 4500 | ||
|---|---|---|---|
| 001 | BRCA_9249 | ||
| 003 | FranzMayer | ||
| 005 | 20230717135551.0 | ||
| 008 | 230712b |||||||| |||| 00| 0 eng d | ||
| 020 | _a9786076057315 | ||
| 040 |
_aMFM _bspa _cMFM |
||
| 041 | _aspa | ||
| 050 | 0 |
_aNX1.N44 _bS43 2022 |
|
| 110 | 1 |
_aSecretaria de cultura _bINBAL _928655 |
|
| 240 | 1 |
_aArte de los pueblos de México _hDisrupciones indígenas _lesp |
|
| 245 | 0 |
_aArte de los pueblos de México _bDisrupciones indígenas |
|
| 260 |
_aCDMX, México _bSecretaria de Cultura _c2022 |
||
| 300 |
_a573 p _bilustraciones _c30 cm |
||
| 500 | _aL60/N4 | ||
| 505 | 0 | _aTexto en: españolDestinado a: Diseñadores, sociólogos, historiadores, artistas Incluye índice (temático) | |
| 610 | 1 |
_aSecretaria de Cultura _bINBAL _928656 |
|
| 650 | 2 |
_2Arte en general _aMéxico _vPueblos indígenas _928832 |
|
| 651 | 2 |
_2México _aCDMX _928833 |
|
| 700 | 1 |
_4Coord. _aFernández Félix, Miguel _928657 |
|
| 700 | 1 |
_4Inv. _aAzcona Muñoz, Tabaré _928658 |
|
| 700 | 1 |
_4Inv. _aCasanova Zamudio, Mariana _928659 |
|
| 700 | 1 |
_4Cor. _aMedina Portillo, David _928660 |
|
| 710 | 1 |
_aSecretaria de cultura _bINBAL _928655 |
|
| 942 |
_2lcc _cB |
||
| 999 |
_c10868 _d10868 |
||